Political language and metaphor : interpreting and changing the world

Αποθηκεύτηκε σε:
Λεπτομέρειες βιβλιογραφικής εγγραφής
Άλλοι συγγραφείς: Carver, Terrell (Επιμελητής έκδοσης), Pikalo, Jernej (Επιμελητής έκδοσης)
Μορφή: Βιβλίο
Γλώσσα:English
Δημοσίευση: London : Routledge, 2011.
Σειρά:Routledge innovations in political theory
Θέματα:
Ετικέτες: Προσθήκη ετικέτας
Δεν υπάρχουν, Καταχωρήστε ετικέτα πρώτοι!

MARC

LEADER 00000nam a2200000 a 4500
001 1/111248
008 160705s2011####uk | ||| |||| ||eng||
020 |a 9780415663762 
040 |a GR-MyUa  |b gre  |c GR-MyUa  |e AACR2 
041 0 |a eng 
082 7 |a 320.014   |2 (23) 
245 0 0 |a Political language and metaphor :   |b interpreting and changing the world /   |c επιμέλεια: Terrell Carver, Jernej Pikalo.  
260 |a London :   |b Routledge,   |c 2011.  
300 |a xv, 293 σ. ;   |c 24 εκ.  
490 1 |a (Routledge innovations in political theory).  
504 |a Περιλαμβάνει βιβλιογραφικές παραπομπές και ευρετήριο.  
650 0 |a Communication in politics. 
650 0 |a Metaphor  |x Political aspects. 
700 1 |a Carver, Terrell,  |e edt 
700 1 |a Pikalo, Jernej,  |e edt 
830 0 |a Routledge innovations in political theory 
852 |a INST  |b RHODES  |e 20160705  |h 320.014 POL  |p 005400038608  |q 005400038608  |t BK  |y 0 
922 |a 4ΕΛΗ  |b 2016-05  |c ΤΑΚ/ΤΜΣ  |d ΔΙΑΔΡΟΜΕΣ 
970 |z 05-07-2016